| 000 | 01282cam a2200325 i 4500 | ||
|---|---|---|---|
| 999 |
_c200441839 _d60051 |
||
| 003 | TR-AnTOB | ||
| 005 | 20220516114504.0 | ||
| 007 | ta | ||
| 008 | 210706b |||| ||||o10| 0 tur d | ||
| 040 |
_aTR-AnTOB _beng _erda _cTR-AnTOB _dTR-AnTOB |
||
| 041 | 0 | _atur | |
| 050 | 4 |
_bTN730 _a.Y85 1975 |
|
| 090 |
_aTN730 _b.Y85 1975 |
||
| 130 | _pYüksek sıcaklıklarda çelik, prinç, bakır ve aliminyum malzemelerinin plastik özelliklerinin bulunması : proje no :MAG-291 | ||
| 245 | 0 | 0 |
_aYüksek sıcaklıklarda çelik, pirinç, bakır ve aluminyum malzemelerinin plastik özelliklerinin bulunması : _bproj no.: MAG-291/A / _cproje yürütücüsü Asos. Prof. Dr. Bilgin Kaftanoğlu ; yardımcı araştırıcı Müh. Kenan Sıvacı. |
| 264 | 1 |
_aAnkara: _bTÜBıTAK Mühendislik Araştıırma Grubu, _c1975 |
|
| 300 |
_a96 pages : _bgraphics ; _c22 cm |
||
| 336 |
_2rdacontent _atext _btxt |
||
| 337 |
_2rdamedia _aunmediated _bn |
||
| 338 |
_2rdacarrier _avolume _bnc |
||
| 490 | 0 |
_aTBTAK yayınları ; _vNo.: 296. _aMAG ;Seri No. ; _v30 |
|
| 504 | _aBIB | ||
| 650 | 7 |
_aÇelik _2etuturkob _98740 |
|
| 650 | 7 |
_aBakır _2etuturkob _978548 |
|
| 653 | _aPirinç eşyalar | ||
| 653 | _aAlüminyum | ||
| 942 |
_2lcc _cBK |
||